| 000 -LEADER |
| fixed length control field |
00536nam a2200157 4500 |
| 008 - FIXED-LENGTH DATA ELEMENTS--GENERAL INFORMATION |
| fixed length control field |
191210b ||||| |||| 00| 0 eng d |
| 100 ## - MAIN ENTRY--PERSONAL NAME |
| Personal name |
Chu, Chenghuan Sean |
| 245 ## - TITLE STATEMENT |
| Title |
Competition and strategic incentives in the market for credit ratings: Empirics of the financial crisis of 2007 |
| 260 ## - PUBLICATION, DISTRIBUTION, ETC. (IMPRINT) |
| Name of publisher, distributor, etc |
American Economic Review |
| 300 ## - PHYSICAL DESCRIPTION |
| Extent |
109(10), Oct, 2019: p.3514-3555. |
| 650 ## - SUBJECT ADDED ENTRY--TOPICAL TERM |
| Topical term or geographic name as entry element |
Credit |
| 9 (RLIN) |
14424 |
| 700 ## - ADDED ENTRY--PERSONAL NAME |
| Personal name |
Rysman, Marc |
| 9 (RLIN) |
14425 |
| 773 ## - HOST ITEM ENTRY |
| Main entry heading |
American Economic Review |
| 906 ## - LOCAL DATA ELEMENT F, LDF (RLIN) |
| Subject DIP |
Financial markets |
| 942 ## - ADDED ENTRY ELEMENTS (KOHA) |
| Source of classification or shelving scheme |
|
| Item type |
Articles |